00753nam a22002057a 450000500170000001000150001702000260003203500140005803700090007208200150008110000360009624500750013225000060020726000320021327000670024530000200031294200260033299900190035895201700037720251231120938.0 aENG-147360 a9798890669261c225.00 aEN-130892 bDBAD a370.97321 aRoychoudhury, Hari Pada 986166 aModi A Builder Vs Gandhi A Destroyer OF INDIA/cHari Pada Roychoudhury a1 aChennaibNotion Pressc2023 aOld No.38, New No. 6, McNichols Road, ChetpetbChennaie600031 a150p.c23cm(pb) 2ddccENh370.973mROY c213978d213978 001040708NFICaZLSbZLSd2025-12-31eDelivery of Books Act Divisiong225.00l1o370.973 ROYpEN-130892r2026-04-21 16:10:13s2026-04-01t1v225.00w2025-12-31yEN